00462nam a2200169Ia 4500008004100000100002100041245006500062245002000127260002400147260000900171300001300180440002400193650002200217650002100239650001000260650002200270190425s9999 xx 000 0 und d aBayoran, Gilbert aProposed conversion of sugar for exports to local use nixed/ cGilbert Bayoran bThe Philippine Star c2018 aMarch 25 aThe Philippine Star adomestic millgate aexport marketing asugar asugar exportation